[Event "Moscow op-E"]
[Site "Moscow"]
[Date "2011.01.30"]
[Round "2.162"]
[White "Stankevich, Konstantin"]
[Black "Tuvsanaa, Nyamaa"]
[Result "0-1"]
[WhiteElo "1901"]
[BlackElo "2283"]
[PlyCount "50"]
[EventDate "2011.01.29"]
[EventType "swiss"]
[EventRounds "9"]
[EventCountry "RUS"]
[SourceTitle "EXT 2022"]
[Source "ChessBase"]
[SourceDate "2021.10.06"]
[SourceVersion "1"]
[SourceVersionDate "2021.10.06"]
[SourceQuality "1"]

1. e4 e6 2. d4 d5 3. Nc3 Bb4 4. e5 c5 5. a3 Bxc3+ 6. bxc3 Qc7 7. Qg4 f5 8. Qh5+ g6 9. Qd1 cxd4 10. Bb5+ Bd7 11. Bxd7+ Nxd7 12. Ne2 dxc3 13. 0-0 a6 14. Nf4 Kf7 15. Nxd5 Qxe5 16. Nxc3 Ngf6 17. Bb2 Rhd8 18. Re1 Qc7 19. Qf3 Ng4 20. g3 Nde5 21. Qf4 g5 22. Nb5 Qc6 23. Qb4 Nf3+ 24. Kf1 Nfxh2+ 25. Ke2 Qf3# 0-1